| 000 | 00456nam a2200181Ia 4500 | ||
|---|---|---|---|
| 008 | 240925s9999 xx 000 0 und d | ||
| 020 | _a9789834708702 | ||
| 082 | _a658.1508 KOK | ||
| 100 | _aKok, Ng Kean | ||
| 245 | 0 | _aFinancial Management | |
| 250 | _a2nd | ||
| 260 |
_aNew York: _bOxford University Press _c,2013. |
||
| 300 |
_axiv, 207p. _b0 _fOriginal |
||
| 500 | _aIncludes Index | ||
| 600 | _aManagement | ||
| 650 | _aManagement | ||
| 942 | _cBK | ||
| 999 |
_c15708 _d15708 |
||